Chem & bio office : chem & bio 3D, finder and bioviz : chem & bio office desktop 2010 for Windows : user's guide

This ultimate chemistry & biology suite is designed to meet the needs of both chemists and biologists. ChemBioOffice 2010 includes Chem&Bio Draw : chem & bio drawing standard, Chem&Bio3D finder and Bioviz, enterprise solutions and databases including E-notebook and ChemBioOffice : Ch...

Full description

Saved in:
Bibliographic Details
Format: Book
Language:Undetermined
Published: Cambridge, MA CambridgeSoft 2010
Subjects:
Tags: Add Tag
No Tags, Be the first to tag this record!
Institutions: Trung tâm Học liệu Trường Đại học Cần Thơ
LEADER 00859nam a2200181Ia 4500
001 CTU_165391
008 210402s9999 xx 000 0 und d
082 |a 572.0285 
082 |b C517d 
245 0 |a Chem & bio office : 
245 0 |b chem & bio 3D, finder and bioviz : chem & bio office desktop 2010 for Windows : user's guide 
260 |a Cambridge, MA 
260 |b CambridgeSoft 
260 |c 2010 
520 |a This ultimate chemistry & biology suite is designed to meet the needs of both chemists and biologists. ChemBioOffice 2010 includes Chem&Bio Draw : chem & bio drawing standard, Chem&Bio3D finder and Bioviz, enterprise solutions and databases including E-notebook and ChemBioOffice : Chemistry, biology and knowledge 
650 |a Biochemistry,Biochemistry 
910 |a Huỳnh Mai 
980 |a Trung tâm Học liệu Trường Đại học Cần Thơ